| 000 | 00750nam a22002057a 4500 | ||
|---|---|---|---|
| 999 |
_c177876 _d177876 |
||
| 005 | 20210309143813.0 | ||
| 010 | _aENG-129174 | ||
| 020 |
_a978-81-237-9200-2 _c170.00 |
||
| 035 | _aEN-112706 | ||
| 037 | _bDBAD/PUB | ||
| 082 | _a616.2414 | ||
| 100 | _aNagpal, Jitendra | ||
| 245 |
_aCaught in Corona Conflict: an approach to the working population/ _cJitendra Nagpal and Tarun Uppal |
||
| 260 |
_aNew Delhi _bNational Book Trust _c2020 |
||
| 270 |
_bNew Delhi _e110070 _aNehru Bhawan, 5 Institutional Area, Phase-II, Vasant Kunj |
||
| 300 |
_axxiv+115p. _c21cm(pbk) _bIncluding illustrations and bibliographical references. |
||
| 500 | _aillustration: Fajruddin | ||
| 700 | _aUppal, Tarun | ||
| 942 |
_2ddc _cEN _h616.2414 _mNAG |
||